000 00447nam a2200181Ia 4500
001 22084
003 IN-NITTTR
005 20251114233250.0
008 251113s9999||||xx |||||||||||||| ||eng||
040 _beng
040 _cIN-NITTTR
041 _aeng
082 _a621.3192 M323E
100 _aMarkus, John
245 0 _aEssential circuits reference guide. /
_cMarkus, John, Weston, Charles
700 _a Weston, Charles
942 _2ddc
_cBK
999 _c24713
_d24713